eHealth – budúcnosť zdravotníctva
Elektronické zdravotníctvo. Využívanie informačných a komunikačných technológií v Európe. Produkty, služby a postupy týkajúce sa ochrany zdravia v kombinácii s organizačné zmeny v systémoch zdravotnej starostlivosti.
Salvato in:
| Autore principale: | |
|---|---|
| Natura: | Capitolo di libro |
| Lingua: | slovacco |
| Soggetti: | |
| Tags: |
Nessun Tag, puoi essere il primo ad aggiungerne!!
|
MARC
| LEADER | 00000nla a2200000 4500 | ||
|---|---|---|---|
| 001 | 0240026 | ||
| 005 | 20240502073907.6 | ||
| 041 | 0 | |a slo | |
| 044 | |a SK | ||
| 245 | 1 | 0 | |a eHealth – budúcnosť zdravotníctva |c Oľga Škvarčeková |
| 520 | |a Elektronické zdravotníctvo. Využívanie informačných a komunikačných technológií v Európe. Produkty, služby a postupy týkajúce sa ochrany zdravia v kombinácii s organizačné zmeny v systémoch zdravotnej starostlivosti. | ||
| 610 | 2 | 0 | |a zdravotníctvo |
| 610 | 2 | 0 | |a zdravotníctvo verejné |
| 610 | 2 | 0 | |a služby elektronické |
| 610 | 2 | 0 | |a inovácie sociálne |
| 610 | 2 | 0 | |a Európa |
| 610 | 2 | 0 | |a technológie informačné |
| 610 | 2 | 0 | |a technológie komunikačné |
| 610 | 2 | 0 | |a starostlivosť zdravotná |
| 100 | 1 | |a Škvarčeková, Oľga | |